Normal view
MARC view
- دحالة، زهير محمد شريف؛ تدقيق محمود خضر الكيلاني
Entry Personal Name
001 - CONTROL NUMBER
- control field: 14619
003 - CONTROL NUMBER IDENTIFIER
- control field: JO-AjAnu
005 - DATE AND TIME OF LATEST TRANSACTION
- control field: 20230606072632.0
008 - FIXED-LENGTH DATA ELEMENTS
- fixed length control field: 230606|| aca||aabn | a|a d
040 ## - CATALOGING SOURCE
- Original cataloging agency: JO-AjAnu
- Transcribing agency: JO-AjAnu
100 ## - HEADING--PERSONAL NAME
- Personal name: دحالة، زهير محمد شريف؛ تدقيق محمود خضر الكيلاني
670 ## - SOURCE DATA FOUND
- Source citation: Work cat.: (JO-AjAnu)7509: دحالة، زهير محمد شريف؛ تدقيق محمود خضر الكيلاني, author, القرآن الكريم: رؤية تربوية: كتاب يبحث في المغازي التربوية للآيات القرآنية، ج1